[Event "Trapani Province-ch"]
[Site "Erice"]
[Date "2012.01.15"]
[Round "1"]
[White "Cassia, Giuseppe"]
[Black "Cleal, John"]
[Result "0-1"]
[WhiteElo "1541"]
[BlackElo "1924"]
[PlyCount "94"]
[EventDate "2012.01.15"]
[EventType "swiss"]
[EventRounds "6"]
[EventCountry "ITA"]
[SourceTitle "EXT 2024"]
[Source "ChessBase"]
[SourceDate "2023.10.10"]
[SourceVersion "1"]
[SourceVersionDate "2023.10.10"]
[SourceQuality "1"]

1. e4 g6 2. c3 Bg7 3. d4 d6 4. Nf3 Nd7 5. Be3 Ngf6 6. Bc4 0-0 7. 0-0 Nxe4 8. Qc2 Nef6 9. Nbd2 c5 10. Rad1 cxd4 11. Bxd4 b6 12. Ne4 Bb7 13. Nxf6+ Nxf6 14. Bxf6 Bxf6 15. Rfe1 Qd7 16. Ne5 Qc7 17. Nxg6 Qxc4 18. Nxf8 Rxf8 19. Re3 Kh8 20. Rh3 Qe4 21. Qxe4 Bxe4 22. Re3 Bc6 23. g3 Rg8 24. Kf1 Rg5 25. f4 Rd5 26. Ke1 Kg7 27. b3 h5 28. h4 Kg6 29. a4 Kf5 30. Rxd5+ Bxd5 31. b4 Bc4 32. Kf2 e6 33. Kg2 e5 34. fxe5 dxe5 35. Rf3+ Kg6 36. Kh3 Bg7 37. Re3 f5 38. Kg2 Kf6 39. Re1 Ke6 40. Kf2 e4 41. Re3 Bh6 42. Re1 Bd2 43. Re3 Ke5 44. Re1 Bxe1+ 45. Kxe1 e3 46. a5 bxa5 47. bxa5 Ke4 0-1

[Event "Nicolo La Rosa op 18th"]
[Site "Mazara del Vallo"]
[Date "2010.08.20"]
[Round "5"]
[White "Cassia, Giuseppe"]
[Black "Cangemi, Felice"]
[Result "1-0"]
[WhiteElo "1586"]
[BlackElo "1463"]
[PlyCount "61"]
[EventDate "2010.08.18"]
[EventType "swiss"]
[EventRounds "9"]
[EventCountry "ITA"]
[SourceTitle "EXT 2024"]
[Source "ChessBase"]
[SourceDate "2023.10.10"]
[SourceVersion "1"]
[SourceVersionDate "2023.10.10"]
[SourceQuality "1"]

1. d4 d5 2. c4 c6 3. Nc3 Nf6 4. Nf3 Bf5 5. e3 e6 6. cxd5 cxd5 7. Bd3 Bg4 8. 0-0 Be7 9. h3 Bh5 10. Qa4+ Nbd7 11. Ne5 0-0 12. g4 Bg6 13. Bxg6 fxg6 14. Bd2 Nxe5 15. dxe5 Nd7 16. f4 Nb6 17. Qd1 g5 18. Ne2 Nc4 19. b3 Nxd2 20. Qxd2 gxf4 21. exf4 Bc5+ 22. Kg2 Qe7 23. Qd3 d4 24. Rac1 b6 25. Rc4 Rad8 26. Ng3 Qb7+ 27. Kh2 Qd5 28. Ne4 b5 29. Rxc5 Qb7 30. Ng5 g6 31. Nxe6 1-0

[Event "Nicolo La Rosa op 18th"]
[Site "Mazara del Vallo"]
[Date "2010.08.19"]
[Round "3"]
[White "Cassia, Giuseppe"]
[Black "Ljubisavljevic, Zivojin Z"]
[Result "0-1"]
[WhiteElo "1586"]
[BlackElo "2271"]
[PlyCount "80"]
[EventDate "2010.08.18"]
[EventType "swiss"]
[EventRounds "9"]
[EventCountry "ITA"]
[SourceTitle "EXT 2024"]
[Source "ChessBase"]
[SourceDate "2023.10.10"]
[SourceVersion "1"]
[SourceVersionDate "2023.10.10"]
[SourceQuality "1"]

1. c4 e5 2. Nc3 f5 3. e4 d6 4. Nf3 Nf6 5. d3 Be7 6. Bg5 0-0 7. Bxf6 Bxf6 8. Nd5 c6 9. Ne3 f4 10. Nc2 c5 11. b4 Nc6 12. b5 Ne7 13. a4 g5 14. h3 Ng6 15. g4 fxg3 16. fxg3 g4 17. hxg4 Bxg4 18. Be2 Bg7 19. Ne3 Be6 20. a5 Bf6 21. Rh5 Ne7 22. Ng5 Bxg5 23. Rxg5+ Kh8 24. Bg4 Qd7 25. Bxe6 Qxe6 26. Qh5 Qf7 27. Qxf7 Rxf7 28. Ke2 a6 29. g4 Ng6 30. Nd5 Nh4 31. Rf1 Rxf1 32. Kxf1 axb5 33. cxb5 Rf8+ 34. Ke2 Nf3 35. Rh5 Nd4+ 36. Ke1 Nxb5 37. Rf5 Rxf5 38. exf5 Kg7 39. g5 Nd4 40. Ne7 Nf3+ 0-1

[Event "Nicolo La Rosa op 17th"]
[Site "Mazara del Vallo"]
[Date "2009.08.09"]
[Round "5"]
[White "Cassia, Giuseppe"]
[Black "Campo, Renato"]
[Result "0-1"]
[WhiteElo "1532"]
[BlackElo "2018"]
[PlyCount "128"]
[EventDate "2009.08.07"]
[EventType "swiss"]
[EventRounds "6"]
[EventCountry "ITA"]
[SourceTitle "EXT 2011"]
[Source "ChessBase"]
[SourceDate "2010.11.26"]
[SourceVersion "1"]
[SourceVersionDate "2010.11.26"]
[SourceQuality "1"]

1. c4 c6 2. g3 d5 3. cxd5 cxd5 4. Bg2 Nf6 5. d4 Nc6 6. Nc3 e6 7. e3 Bd6 8. Nge2 0-0 9. 0-0 Rb8 10. e4 dxe4 11. Nxe4 Nxe4 12. Bxe4 e5 13. dxe5 Nxe5 14. Be3 b6 15. Qc2 f5 16. Bd5+ Kh8 17. Rad1 Qe7 18. Bf4 Ng6 19. Bxd6 Qxd6 20. Bg2 Qf6 21. Rfe1 Bb7 22. Rd7 Bxg2 23. Kxg2 Rbc8 24. Rc7 Rxc7 25. Qxc7 Qxb2 26. Qxa7 Qd2 27. Kf1 b5 28. Nd4 f4 29. Ne6 Rg8 30. Qf7 fxg3 31. hxg3 Qd3+ 32. Kg1 Qc3 33. Re2 Ne5 34. Ng5 Qc1+ 35. Kg2 Qxg5 36. Qd5 Re8 37. f4 Qg4 38. Rxe5 Rc8 39. Qc5 h6 40. Qf2 Qd1 41. Re2 Rc1 42. Kh3 Qh1+ 43. Qh2 Qf3 44. Rf2 Qc6 45. Kg4 Rh1 46. Qg2 h5+ 47. Kf5 Qf6+ 48. Ke4 Qc6+ 49. Kf5 Qd7+ 50. Ke4 Re1+ 51. Re2 Qc6+ 52. Kf5 Qd7+ 53. Ke4 Qe6+ 54. Kf3 Qg4+ 55. Ke3 Rxe2+ 56. Qxe2 Qxg3+ 57. Ke4 Qg6+ 58. Ke3 Qe6+ 59. Kf3 Qxe2+ 60. Kxe2 Kh7 61. Kf3 Kg6 62. Kg3 Kf5 63. Kh4 Kxf4 64. Kxh5 g5 0-1

[Event "Nicolo La Rosa op 17th"]
[Site "Mazara del Vallo"]
[Date "2009.08.07"]
[Round "1"]
[White "Cassia, Giuseppe"]
[Black "Cleal, John"]
[Result "0-1"]
[WhiteElo "1532"]
[BlackElo "1958"]
[PlyCount "58"]
[EventDate "2009.08.07"]
[EventType "swiss"]
[EventRounds "6"]
[EventCountry "ITA"]
[SourceTitle "EXT 2011"]
[Source "ChessBase"]
[SourceDate "2010.11.26"]
[SourceVersion "1"]
[SourceVersionDate "2010.11.26"]
[SourceQuality "1"]

1. c4 e5 2. Nc3 Nc6 3. g3 f5 4. e4 fxe4 5. Nxe4 Nf6 6. Bg2 Be7 7. Ne2 0-0 8. 0-0 d6 9. d4 Bg4 10. dxe5 Nxe5 11. Nxf6+ Bxf6 12. Qd5+ Kh8 13. Nf4 c6 14. Qe4 Qd7 15. h3 Bf5 16. Qe2 Rae8 17. Be3 g5 18. Nh5 Bd8 19. f4 Bd3 20. Qd2 Bxf1 21. Rxf1 Nxc4 22. Qd4+ Kg8 23. Qxc4+ d5 24. Qb3 Rxe3 25. Qd1 gxf4 26. Qd2 Qf7 27. Rxf4 Qxh5 28. Rg4+ Kh8 29. Qd4+ Qe5 0-1

[Event "Nicolo La Rosa op 15th"]
[Site "Mazara del Vallo"]
[Date "2007.08.12"]
[Round "6"]
[White "Di Misa, Serafino"]
[Black "Cassia, Giuseppe"]
[Result "1-0"]
[WhiteElo "1491"]
[BlackElo "1484"]
[PlyCount "119"]
[EventDate "2007.08.10"]
[EventType "swiss"]
[EventRounds "6"]
[EventCountry "ITA"]
[SourceTitle "EXT 2011"]
[Source "ChessBase"]
[SourceDate "2010.11.26"]
[SourceVersion "1"]
[SourceVersionDate "2010.11.26"]
[SourceQuality "1"]

1. e4 c5 2. c3 Nc6 3. Nf3 d6 4. d4 cxd4 5. cxd4 e5 6. dxe5 Nxe5 7. Nxe5 Qa5+ 8. Nc3 Qxe5 9. Bb5+ Bd7 10. Bxd7+ Kxd7 11. Qa4+ Kd8 12. 0-0 Nf6 13. Qb3 Qe7 14. Bg5 b6 15. Bxf6 Qxf6 16. Rfd1 Qe6 17. Rd5 Rc8 18. Rad1 Rc6 19. Qa3 a5 20. e5 Kc8 21. exd6 Bxd6 22. Rxd6 Rxd6 23. Qxd6 Qxd6 24. Rxd6 Re8 25. h3 Re1+ 26. Kh2 Rf1 27. Rxb6 Rxf2 28. Rb5 f5 29. Kg3 Rc2 30. Na4 f4+ 31. Kf3 Rd2 32. Rxa5 h6 33. Rc5+ Kb7 34. h4 Rd3+ 35. Ke2 Rg3 36. Kf2 Rg4 37. h5 f3 38. b3 Rxg2+ 39. Kxf3 Rxa2 40. Re5 Rd2 41. Re7+ Ka6 42. Rxg7 Rd5 43. Kg4 Rd4+ 44. Kf3 Ka5 45. Rg6 Rd3+ 46. Kf4 Rxb3 47. Rxh6 Rb4+ 48. Kf5 Kxa4 49. Rg6 Rb5+ 50. Kg4 Rb4+ 51. Kg5 Rb5+ 52. Kh6 Rb7 53. Rg7 Rb6+ 54. Kh7 Rb8 55. Rf7 Kb5 56. Kg7 Kc6 57. h6 Kd6 58. h7 Ke6 59. Rf8 Rb1 60. Rf6+ 1-0

[Event "Nicolo La Rosa op 15th"]
[Site "Mazara del Vallo"]
[Date "2007.08.10"]
[Round "1"]
[White "Cassia, Giuseppe"]
[Black "Colicchia, Vincenzo"]
[Result "1-0"]
[WhiteElo "1484"]
[BlackElo "1835"]
[PlyCount "105"]
[EventDate "2007.08.10"]
[EventType "swiss"]
[EventRounds "6"]
[EventCountry "ITA"]
[SourceTitle "EXT 2011"]
[Source "ChessBase"]
[SourceDate "2010.11.26"]
[SourceVersion "1"]
[SourceVersionDate "2010.11.26"]
[SourceQuality "1"]

1. d4 Nf6 2. c4 e6 3. Nc3 d5 4. Nf3 Bb4 5. Qa4+ Nc6 6. Ne5 Bxc3+ 7. bxc3 Bd7 8. Nxd7 Qxd7 9. cxd5 Nxd5 10. Bb2 0-0 11. e3 a6 12. Bd3 f5 13. a3 Rf6 14. c4 Nb6 15. Qc2 Rg6 16. g3 Rf8 17. 0-0-0 Rc8 18. d5 Ne7 19. dxe6 Qxe6 20. c5 Nbd5 21. e4 fxe4 22. Bxe4 Rh6 23. Rhe1 Qc6 24. Qc4 Rd8 25. Bxh7+ Kxh7 26. Rxe7 Nxe7 27. Rxd8 Rxh2 28. Qc2+ Ng6 29. Qf5 Qb5 30. Rd2 Qc4+ 31. Qc2 Rh1+ 32. Rd1 Rxd1+ 33. Kxd1 Qf1+ 34. Kd2 Qxf2+ 35. Kc1 Qxg3 36. Qf5 Qf4+ 37. Qxf4 Nxf4 38. Kd2 g5 39. Be5 Nd5 40. Kd3 Kg6 41. Kd4 c6 42. Ke4 Kh5 43. Kf3 Kh4 44. Bd4 Kh3 45. Ke2 g4 46. Kd1 Kg2 47. Kc2 g3 48. Kb3 Kf1 49. Ka4 g2 50. Ka5 g1Q 51. Bxg1 Kxg1 52. a4 Nb6 53. Kxb6 1-0